000 00423nam a2200133Ia 4500
008 231129s2001||||xx |||||||||||||| ||spa||
020 _a958-683-420-1
040 _bspa
082 _a368.4 E93
245 0 _aEvolución y resultados del Régimen Subsidiado de Salud en Colombia 1993-2000 / Enrique Peñalosa Quintero... /et al.
260 _c2001
264 _aCEJA
942 _2ddc
_cBKS
999 _c13769
_d13769